| 000 | 00600nai a22002057a 4500 | ||
|---|---|---|---|
| 003 | OSt | ||
| 005 | 20170601163105.0 | ||
| 008 | 170321b xxu||||| |||| 00| 0 eng d | ||
| 022 | _a07977-888X | ||
| 040 |
_aBMC _cBMC |
||
| 082 | _a338.1 | ||
| 245 | 0 | 0 |
_aBiodiversidad, sustento y culturas _b: octubre _cCarmen Améndola, editora |
| 260 |
_aBarcelona _bREDES-AT _bGRAIN _c2005 |
||
| 300 |
_a52 p. _c28 cm |
||
| 490 |
_aRedes, amigos de la tierra _v46 |
||
| 505 | _aContiene: Leyes de semilla.- | ||
| 650 | 2 | 4 |
_96390 _aAgricultura integrada |
| 700 | 1 |
_940880 _aAméndola, Carmen |
|
| 942 |
_2ddc _cPR |
||
| 999 |
_c27371 _d27371 |
||